[Event "Galatasaray Blitz Chess Tournament"]
[Site "Istanbul"]
[Date "2019.03.24"]
[Round "4.4"]
[White "Gulbas, Cemil"]
[Black "Yilmazyerli, Mert"]
[Result "1-0"]
[WhiteElo "2404"]
[BlackElo "2425"]
[Annotator "TA"]
[PlyCount "89"]
[EventDate "2019.03.24"]
[EventType "swiss"]
[EventCountry "TUR"]
[SourceTitle "playchess.com"]
[Source "ChessBase"]
[SourceQuality "1"]

{[%evp 16,89,57,58,71,47,69,56,126,131,221,150,150,96,85,81,80,84,93,77,73,46,50,50,51,62,129,122,102,83,85,84,112,80,74,0,0,0,0,0,0,-66,0,0,0,-115,150,131,248,148,148,154,134,0,0,-33,-34,-23,521,-7,-20,-293,430,411,29973,29977,5501,5523,5473,1169,29959,29961,29985,29986,29986,29987]} 1. e4 g6 2. d4 Bg7 3. Nc3 d6 4. Be3 a6 5. Qd2 b5 6. O-O-O Nd7 7. h4 {B06: Modern Defence} h6 8. f3 (8. Kb1 Bb7 9. f3 Ngf6 10. Nge2 b4 11. Na4 a5 12. Ng3 h5 13. b3 Bc6 {1-0 (60) Fedorchuk,S (2648)-Almasi,Z (2682) Riadh 2017}) 8... Bb7 9. g4 {LiveBook: 12 Games. White is slightly better.} (9. d5 c5 10. dxc6 Bxc6 11. Bd4 Bxd4 12. Qxd4 Ngf6 13. g4 Qb6 14. Nge2 Rc8 15. a3 Bb7 {½-½ (15) Gulbas,C (2377)-Yilmazyerli,M (2450) Kocaeli 2015}) 9... c5 10. dxc5 Nxc5 11. Bd4 e5 $146 ({Black should play} 11... Bxd4 $14 12. Qxd4 Nf6) ({Predecessor:} 11... Nf6 12. e5 Nfd7 13. exd6 e5 14. Be3 Rc8 15. Kb1 {1-0 (46) Lopez Santana,O (2187)-Marques Taltavull,A (2134) Catalunya 2014}) 12. Be3 $16 Ke7 (12... Nf6 $16) 13. Nh3 Nf6 14. g5 (14. h5 $142) 14... hxg5 15. hxg5 Nh5 16. Rg1 Rc8 17. Kb1 Ne6 18. Nd5+ Bxd5 $1 19. exd5 Nc5 20. Nf2 Kf8 (20... Nf4 $14) 21. Bh3 Rc7 22. Bg4 Nf4 23. Qa5 (23. Bxf4 $6 exf4 24. Qxf4 Na4 $11) 23... Qb8 24. Rh1 Rxh1 25. Rxh1 (25. Nxh1 $16 Ng2 26. Bg1) 25... Nxd5 $11 26. Bxc5 Rxc5 27. Ne4 Rc6 28. Qa3 (28. Bd7 $11 Rb6 29. c4) 28... b4 (28... Nf4 $15) 29. Qb3 Nf4 30. Nf6 ({Don't go for} 30. Rh7 $2 Qb6 $19) (30. c4 $1 $11) 30... Qb5 $2 {[%mdl 8192] [#]} (30... Bxf6 $1 $17 31. gxf6 Kg8) 31. Bd7 $16 a5 (31... Bxf6 $16 32. gxf6 (32. Bxc6 Qxc6 33. gxf6 Nh5 $16) 32... Nh5 33. Bxc6 Qxc6 34. Qxb4 Nxf6) 32. Bxc6 ({Better is} 32. Qe3 $18 {Threatens to win with Qa7.} Qc5 33. Qe4) 32... Qxc6 33. Qe3 ({But not} 33. Rh7 $6 Ne6 $11) 33... Ne6 34. Qa7 $40 {[%mdl 128] White mounts an attack.} (34. Rc1 $16) 34... Nxg5 $11 35. Qb8+ Ke7 36. Ng8+ Ke6 $2 {[%mdl 8192] [#]} (36... Kd7 $1 $11 {and Black has nothing to worry.}) 37. Rd1 $2 (37. Qd8 $18) 37... Nxf3 {...Nd4 is the strong threat.} 38. a3 $2 {[%mdl 8192]} (38. Qd8 $11 Qd7 39. Qxa5) 38... bxa3 $4 {[%mdl 8192]} (38... Nd4 $19 {and life is good for Black.} 39. Rxd4 exd4) 39. Qb3+ $18 Kd7 (39... d5 $18) 40. Qxf7+ Kd8 41. Qe7+ Kc8 42. Qxg7 (42. Rxd6 $142 Qc7 43. Qe8+ Kb7 44. Qb5+ Kc8 45. Qa6+ Kb8 46. Rb6+ Qxb6 47. Qxb6+ Kc8 48. Qc6+ Kd8 49. Qxf3) 42... a2+ 43. Ka1 {White mates.} Qd7 44. Qf8+ Qd8 45. Qxf3 {Precision: White = 34%, Black = 20%.} 1-0

[Event "Galatasaray Blitz Chess Tournament"]
[Site "Istanbul"]
[Date "2019.03.24"]
[Round "4.5"]
[White "Tuncer, Tuna"]
[Black "Yurtseven, Melih"]
[Result "0-1"]
[WhiteElo "2371"]
[BlackElo "2390"]
[Annotator "ChessBase"]
[PlyCount "118"]
[EventDate "2019.03.24"]
[EventType "swiss"]
[EventCountry "TUR"]
[SourceTitle "playchess.com"]
[Source "ChessBase"]
[SourceQuality "1"]
[TimeControl "300+3"]

1. e4 e5 2. Nf3 Nc6 3. d4 exd4 4. Nxd4 Nxd4 5. Qxd4 Qf6 6. Be3 Qxd4 7. Bxd4 Nf6 8. Nc3 Bb4 9. O-O-O Bxc3 10. Bxc3 d6 11. Bd3 Be6 12. h3 O-O-O 13. b3 Nd7 14. f4 f6 15. Be2 Rde8 16. Bf3 Bf7 17. Rhe1 Re7 18. Bg4 Be6 19. Bf3 Bf7 20. g4 Rhe8 21. Bb4 Bg6 22. e5 fxe5 23. f5 Bf7 24. g5 Rf8 25. Bg4 Ree8 26. Bc3 Bg8 27. h4 Rd8 28. Rf1 Kb8 29. Rf2 Nc5 30. Re1 Bd5 31. Rd2 Bc6 32. Bb4 Ne4 33. Rde2 Ng3 34. Rf2 Ne4 35. Rff1 Ng3 36. Rf2 Bd7 37. Rg1 Nxf5 38. Rgf1 g6 39. h5 c5 40. Bd2 Kc7 41. Kb2 d5 42. hxg6 hxg6 43. Rh1 Rh8 44. Rfh2 Rxh2 45. Rxh2 Re8 46. Rh7 Re7 47. Rh8 e4 48. Bf4+ Kb6 49. Rg8 Be8 50. Bxf5 gxf5 51. Kc1 d4 52. g6 e3 53. Kd1 Re6 54. g7 Bh5+ 55. Kc1 e2 56. Bg3 e1=Q+ 57. Bxe1 Rxe1+ 58. Kd2 Rg1 59. Rh8 Bf7 0-1

[Event "Galatasaray Blitz Chess Tournament"]
[Site "Istanbul"]
[Date "2019.03.24"]
[Round "5.1"]
[White "Yurtseven, Melih"]
[Black "Gokerkan, Cem Kaan"]
[Result "1/2-1/2"]
[WhiteElo "2390"]
[BlackElo "2419"]
[Annotator "TA"]
[PlyCount "38"]
[EventDate "2019.03.24"]
[EventType "swiss"]
[EventCountry "TUR"]
[SourceTitle "playchess.com"]
[Source "ChessBase"]
[SourceQuality "1"]

{[%evp 17,38,36,44,26,47,13,14,21,0,15,28,0,24,29,34,-20,0,0,23,-17,0,0,39]} 1. e4 c5 2. Nc3 Nc6 3. Nge2 g6 4. d4 cxd4 5. Nxd4 Bg7 6. Be3 Nf6 7. Bc4 O-O 8. Bb3 d6 9. f3 Bd7 {LiveBook: 1274 Games} 10. g4 {B76: Sicilian Dragon: Yugoslav Attack, 9 g4 and 9 0-0-0} (10. Qd2 Nxd4 11. Bxd4 b5 12. a4 bxa4 13. Bxa4 Be6 14. O-O Qc7 15. Rfc1 Qb7 16. Nd1 Rfc8 17. Ne3 Bh6 18. Ra3 Rc4 19. Bb3 Qb4 20. Qxb4 Rxb4 21. Bxe6 Rxd4 {½-½ (40) Grischuk,A (2771)-Savchenko,B (2562) St Petersburg 2018}) 10... Na5 11. h4 h5 {[%cal Rh5g4]} 12. gxh5 Nxh5 13. Qd2 Nxb3 14. axb3 Kh7 $146 ({Predecessor:} 14... b5 15. Bh6 b4 16. Nd5 a5 17. Bg5 Re8 18. Rg1 {½-½ (18) Caire,F (2271)-Mantovanelli,M (2480) LSS email 2008}) 15. Nde2 b5 16. Bd4 (16. Nf4 $14) 16... Bh6 17. Be3 Bg7 18. Bd4 Bh6 (18... Bxd4 $11 19. Nxd4 (19. Qxd4 a5 $11) 19... b4) 19. Be3 $14 Bg7 {Precision: White = 33%, Black = 45%.} 1/2-1/2

[Event "Galatasaray Blitz Chess Tournament"]
[Site "Istanbul"]
[Date "2019.03.24"]
[Round "5.2"]
[White "Yilmazyerli, Mert"]
[Black "Tuncer, Tuna"]
[Result "0-1"]
[WhiteElo "2425"]
[BlackElo "2371"]
[Annotator "TA"]
[PlyCount "48"]
[EventDate "2019.03.24"]
[EventType "swiss"]
[EventCountry "TUR"]
[SourceTitle "playchess.com"]
[Source "ChessBase"]
[SourceQuality "1"]

{[%evp 9,48,11,26,21,27,0,8,4,19,-3,39,46,47,46,46,41,48,33,42,0,29,9,13,0,-2,0,0,-67,-48,-49,-51,-241,-248,-240,-193,-226,-237,-1030,-1031,-2898,-2861]} 1. e4 c5 2. Nc3 Nc6 3. Nf3 e6 4. g3 Nf6 5. Bg2 Be7 (5... d5 6. exd5 Nxd5 7. O-O Nxc3 8. bxc3 Be7 9. d4 O-O 10. Be3 Qa5 11. Qd2 cxd4 12. cxd4 Qxd2 13. Nxd2 {1-0 (42) Lagarde,M (2659)-Pavlidis,A (2602) Orsay 2018}) 6. O-O {B40: Sicilian: 2...e6, Unusual lines} O-O 7. e5 Ng4 8. Re1 {The position is equal.} f6 9. exf6 Nxf6 $146 ({Predecessor:} 9... Bxf6 10. h3 Nh6 11. Ne4 Be7 12. d3 Nf7 {1-0 (36) Kveinys,A (2555)-Plachetka,J (2445) Aaland-Stockholm 1997}) 10. d4 cxd4 11. Nxd4 Nxd4 12. Qxd4 d5 13. Bf4 Bd7 14. Rad1 Kh8 (14... Rc8 $5 {[%cal Re7c5]}) 15. Be5 Rc8 16. Re2 Bc5 17. Qd2 Qb6 18. Bxf6 ({White should play} 18. Kh1 $11) 18... Rxf6 19. Bxd5 Rcf8 $36 {[%mdl 2048] Black is pushing.} 20. Rf1 $2 (20. Bg2 $1 $15 Rxf2 21. Kh1) 20... exd5 $19 21. Nxd5 Qc6 {[#] ...Bh3 is the strong threat.} ({Weaker is} 21... Qxb2 22. Nxf6 Bb5 {[#]} 23. c4 $1 $18 {[%mdl 512]}) 22. Nxf6 Rxf6 23. b4 $2 (23. Re5 Bb6 24. Rd5) 23... Bh3 {[%csl Gh3][%cal Rc6g2]} 24. Qd8+ Rf8 {Accuracy: White = 39%, Black = 83%.} 0-1

[Event "Galatasaray Blitz Chess Tournament"]
[Site "Istanbul"]
[Date "2019.03.24"]
[Round "5.3"]
[White "Arat, Ufuk Sezen"]
[Black "Gulbas, Cemil"]
[Result "1-0"]
[WhiteElo "2368"]
[BlackElo "2404"]
[Annotator "TA"]
[PlyCount "87"]
[EventDate "2019.03.24"]
[EventType "swiss"]
[EventCountry "TUR"]
[SourceTitle "playchess.com"]
[Source "ChessBase"]
[SourceQuality "1"]

{[%evp 15,87,29,36,19,52,21,43,44,85,59,68,37,44,32,37,28,65,38,43,48,154,147,277,235,236,214,220,225,265,104,468,185,235,229,214,204,337,182,175,195,201,212,216,183,164,87,95,93,172,151,191,202,208,202,314,281,278,276,273,269,275,263,597,597,590,583,606,608,576,485,595,603,704,704]} 1. d4 d5 2. c4 c6 3. Nf3 Nf6 4. e3 Bf5 5. Nc3 e6 6. Nh4 Be4 7. f3 Bg6 8. Qb3 Qc7 9. Bd2 {D12: Slav Defence: 3 Nf3 Nf6 4 e3 Bf5} Nbd7 (9... Be7 10. Rc1 Nbd7 11. g3 dxc4 12. Bxc4 O-O 13. Nxg6 hxg6 14. Be2 a6 15. O-O b5 16. a4 Qb6 17. axb5 axb5 {0-1 (28) Roiz,M (2605)-Giri,A (2783) St Petersburg 2018}) 10. Rc1 Rc8 11. g3 {White is slightly better.} Qb8 12. Nxg6 $146 ({Predecessor:} 12. cxd5 cxd5 13. e4 dxe4 14. Nxg6 hxg6 15. fxe4 Nh5 16. Bg2 e5 17. Bh3 Rd8 18. Nb5 Be7 19. Bb4 O-O 20. Bxe7 {1-0 (20) Volkov,S (2578)-Luther,T (2604) Moscow 2001}) 12... hxg6 13. Kf2 Bd6 {Threatening ...Bxg3+!} 14. Kg2 O-O 15. cxd5 exd5 16. Bd3 Rfd8 17. e4 Bf8 ({Better is} 17... dxe4 $14 18. Nxe4 (18. fxe4 Be5 $11) (18. Bxe4 c5 $11) 18... Nd5) 18. e5 $16 Ne8 (18... c5 $16 {was worth a try.}) 19. f4 Nc7 20. f5 gxf5 21. Bxf5 Ne6 22. Ne2 $2 (22. Bxe6 $1 $18 {and the rest is easy.} fxe6 23. Ne2) 22... Nb6 $2 {[%mdl 8192]} (22... c5 $16) 23. Ba5 $2 (23. Qd3) 23... Qc7 24. Qd3 Qe7 25. Rhf1 Re8 (25... c5 $142 26. dxc5 Nxc5 27. Bh7+ Kh8) 26. b3 (26. Nf4 $142 {And now Nxe6 would win.} Qd7 27. Nxe6 Rxe6 28. Rf2) 26... c5 $18 27. Bxb6 axb6 28. Nf4 Nxd4 29. Bxc8 (29. Nxd5 Qxe5 30. Nc3 Rcd8 $17) 29... Rxc8 30. Nxd5 (30. e6 $18) 30... Qxe5 31. Nxb6 Rc6 (31... Re8 $16 {was called for.}) 32. Rce1 Qh5 {[#] Threatens to win with ...Rh6.} 33. Nc4 Rh6 {[%csl Gh6][%cal Rh5h2]} 34. h4 Rg6 (34... Ra6 $142 35. a4 f6) 35. Ne5 Re6 36. Nf3 ({Not} 36. Rxf7 Rxe5 37. Rxe5 Qxe5 $15) 36... Rd6 37. Nxd4 Rxd4 38. Qf3 Qg6 $2 (38... Qxf3+ {is a better chance.} 39. Kxf3 Rd3+ 40. Re3 Rd7) 39. h5 {White is clearly winning.} Qc6 40. Qxc6 bxc6 41. Rd1 Rb4 42. Rf4 Rb8 43. Rd7 f6 {[#]} 44. h6 $1 {Accuracy: White = 55%, Black = 24%.} 1-0

[Event "Galatasaray Blitz Chess Tournament"]
[Site "Istanbul"]
[Date "2019.03.24"]
[Round "5.4"]
[White "Ozer, Omer Faruk"]
[Black "Ozturk, Kubra"]
[Result "0-1"]
[WhiteElo "2369"]
[BlackElo "2344"]
[Annotator "TA"]
[PlyCount "144"]
[EventDate "2019.03.24"]
[EventType "swiss"]
[EventCountry "TUR"]
[SourceTitle "playchess.com"]
[Source "ChessBase"]
[SourceQuality "1"]

{[%evp 12,144,1,0,0,-28,4,0,24,31,33,22,21,27,52,39,68,68,73,66,70,64,72,74,91,90,93,90,104,97,114,60,63,63,58,49,40,45,57,57,50,56,60,54,59,44,58,53,53,36,62,60,177,77,188,83,208,82,71,33,146,145,147,113,122,114,243,120,541,39,531,0,0,0,276,279,273,263,481,494,413,264,477,377,769,754,1045,599,862,610,6628,837,29988,0,0,0,0,0,0,-726,-716,-677,-300,-920,-917,-896,0,0,0,-227,29997,110,110,-4702,-4702,-29995,-29996,-29996,8,8,8,0,335,333,232,-29997,-1934,-1771,-1756,-29994,-29995,-29995,-29996,-29996,-29997]} 1. Nf3 d5 2. g3 Nf6 3. Bg2 g6 4. O-O Bg7 5. c4 c6 6. d3 O-O 7. Nbd2 a5 {A07: Réti Opening: New York and Capablanca Systems} (7... Re8 8. Qc2 e5 9. e4 Na6 10. a3 dxe4 11. Nxe4 Nxe4 12. dxe4 Nc5 13. Rd1 Qc7 14. b4 Ne6 15. c5 b6 {1-0 (51) Nakamura,H (2785)-Bacrot,E (2708) Paris 2017}) 8. Rb1 Na6 9. a3 dxc4 $146 {The position is equal.} ({Predecessor:} 9... Qd6 10. Nb3 dxc4 11. Bf4 Qd8 12. dxc4 Bf5 13. Qxd8 {½-½ (13) Roessner,U (1866)-Bottesi,G (1692) Arco 2014}) 10. Nxc4 Nc5 11. Be3 Ncd7 12. Qc2 Ng4 13. Bf4 b5 14. Ne3 $36 {[%mdl 2048] White is more active.} Nxe3 15. Bxe3 (15. fxe3 e5 $17) 15... Bb7 16. Nd4 Rc8 17. b4 (17. Nxc6 $2 Bxc6 18. Bxc6 Ne5 $19) 17... Nb8 18. Nb3 axb4 19. Nc5 Qc7 20. axb4 {And now Ra1! would win.} Na6 21. Rfc1 (21. Nxb7 $16 Qxb7 22. Rfc1) 21... Nxc5 $14 22. Qxc5 Rfd8 23. Bf4 Qd7 24. Be5 f6 25. Bf4 e5 26. Be3 Bf8 27. Qc3 Qe6 28. h4 f5 29. Ra1 Rd7 30. Ra7 Bg7 31. Qc5 Rcc7 {[#]} (31... f4 $14) 32. Qb6 (32. Rxb7 $1 $18 {[%mdl 512] and the rest is easy.} Rxb7 33. Bxc6 (33. Qxc6 Kf7 $16)) 32... Kf7 (32... Qf7 $16) 33. Qa5 (33. Rc5 $18 {has better winning chances.}) 33... Bf8 {[#]} (33... Rc8 $16 {is a better defense.}) 34. Bb6 (34. Rxb7 $1 $18 {[%mdl 512]} Rxb7 35. Bxc6 {[%mdl 64] Double Attack}) 34... Rc8 $16 35. Bh3 Qe7 (35... Bd6 $14) 36. Bc5 Qd8 37. Qa1 Qf6 38. e4 Rcc7 (38... Kg8 $16) 39. h5 (39. Bb6 $18 {is more deadly.}) 39... Rxd3 $2 {[%mdl 8192]} (39... Bxc5 $16 {is more resistant.} 40. Rxc5 Rxd3) 40. Qa5 $2 (40. Bxf8 $18 Kxf8 41. Rxb7 $1 {[%mdl 576] Remove Defender, Decoy} Rxb7 42. Qa8+ {[%mdl 64] Double Attack} Qd8 43. Qxb7 {[%mdl 64] Double Attack}) 40... Rcd7 $2 {[%mdl 8192]} (40... Rdd7 $1 $14) 41. Qb6 $2 (41. Bxf8 $18 Kxf8 42. Rxb7 $1 {[%mdl 512]}) 41... Bxc5 $1 $11 42. Rxc5 Qe7 $2 {[%mdl 8192]} (42... Qg5 $1 $11 43. hxg6+ (43. Rxb7 Rxg3+ 44. Kh2 Rxh3+ 45. Kxh3 Qxh5+ 46. Kg3 Qg4+ 47. Kh2 Qh5+ 48. Kg1 Qg4+ 49. Kf1 Qd1+ 50. Kg2 Qg4+ {[%mdl 64] Double Attack} 51. Kf1 Qd1+ 52. Kg2 Qg4+ {[%mdl 64] Double Attack} 53. Kh1 Qf3+ 54. Kg1 Qg4+ 55. Kf1 $11) 43... Kf8) 43. exf5 $18 gxf5 44. Bxf5 {[%mdl 64] Double Attack} Rd1+ $2 (44... Rxg3+ 45. fxg3 Qg5) 45. Kg2 Rc7 46. Qa5 Qd6 $2 (46... Kf8 {was worth a try.} 47. Qa3 Rd5) 47. Qa2+ Kf6 $2 (47... Kf8 48. Qe2 Rd5) 48. Be4 Rd4 49. Qe2 Ke7 50. Qg4 Rxb4 51. Rc3 (51. Qg7+ $142 Ke6 52. Qh6+ Ke7 53. Qxh7+ Kf8 54. Qh8+ {[%mdl 64] Double Attack} Kf7 55. Rxb7 $1 {[%mdl 576] Deflection} Rxb7 56. Rxc6 Qxc6 57. Bxc6) 51... Qd4 52. Re3 $2 (52. Qg5+ Kd7 53. Bf5+ Ke8 54. Qg8+ Ke7 55. Qxh7+ Kf8 56. Qxc7 Qd5+ 57. Rf3) 52... Qxa7 $11 53. Qg7+ Kd6 54. Qf8+ $1 Re7 55. Bxh7 $2 {[%mdl 8192]} (55. Qf6+ $11 Re6 56. Qf8+ Re7 57. Qf6+ Re6 58. Qf8+ Re7) 55... c5+ $19 56. Kh2 Rd4 (56... Qa8 $142 57. Qf6+ Re6) 57. Bg8 $2 (57. Rxe5 Bd5 58. Re3) 57... Qa1 {[%csl Gb7][%cal Ra1h1]} 58. Qd8+ Rd7 $2 (58... Kc6 $1 $19 59. Qxe7 Kb6 60. Qe6+ Bc6) 59. Qb6+ $11 Bc6 $1 {[%csl Gc6][%cal Ra1h1]} 60. Rf3 $2 {[#]} (60. Qb8+ $1 $11 {and White has nothing to worry.} Rc7 61. Qd8+ Rd7 62. Qb8+ Rc7 63. Qd8+ Rd7 64. Qb8+) 60... Rd1 $4 {[%mdl 8192] [#]} ({And not} 60... Qa8 61. Rf6+ Ke7 62. Re6+ Kf8 63. Rxc6 $11) (60... Rf4 $1 $19 {[%mdl 512]} 61. gxf4 (61. Rxf4 Qh1#) 61... c4) 61. Rf6+ $2 (61. Qb8+ $1 Rc7 62. Qd8+ Rd7 63. Rf6#) 61... Ke7 $16 {[%csl Ga1,Gc6][%cal Rd1h1]} 62. Qxc6 $4 {[%mdl 8192] [#]} (62. Re6+ $16 Kf8 63. Qxc6 Rh1+ 64. Qxh1 Qxh1+ 65. Kxh1 Kxg8 66. Rxe5) 62... Rh1+ $1 $19 {[%mdl 512]} 63. Kg2 (63. Qxh1 Qxh1+) 63... Qf1+ 64. Kf3 Qd3+ $2 (64... Rd3+ {mates} 65. Ke4 Qe2+ {[%mdl 64] Double Attack} 66. Kf5 Rxh5+ 67. Kg6 Qg4#) 65. Kg4 $11 {Rf7+ would kill now.} Qe2+ $1 66. Rf3 Rd4+ $2 {[%mdl 8192]} (66... Rd6 $1 $11 {and Black is okay.} 67. Qc7+ Rd7 68. Qxc5+ Rd6) 67. Kg5 $18 {White wants to mate with Rf7+.} Qd2+ 68. Kg6 $4 {[%mdl 8192]} (68. Re3 $18 e4 69. Qxc5+ Kd8 70. Be6 (70. Qxb5 Rh2 $16)) 68... Rd6+ (68... Rg4+ $142 69. Kh7 Rxh5+ 70. Qh6 Rxh6#) 69. Qxd6+ $19 Qxd6+ 70. Kg7 Rxh5 {[%csl Gh5][%cal Rd6h6] Black mates.} 71. Rf7+ Ke8 {[%csl Gh5][%cal Rd6h6]} 72. Rf6 Rg5+ {Accuracy: White = 34%, Black = 24%.} 0-1

[Event "Galatasaray Blitz Chess Tournament"]
[Site "Istanbul"]
[Date "2019.03.24"]
[Round "5.5"]
[White "Dastan, Muhammed Batuhan"]
[Black "Aghamaliyev, Cemil"]
[Result "1-0"]
[WhiteElo "2561"]
[BlackElo "2493"]
[Annotator "TA"]
[PlyCount "73"]
[EventDate "2019.03.24"]
[EventType "swiss"]
[EventCountry "TUR"]
[SourceTitle "playchess.com"]
[Source "ChessBase"]
[SourceQuality "1"]

{[%evp 14,73,20,19,19,-1,8,0,4,0,26,12,12,10,15,-78,14,30,29,16,39,20,59,6,22,-18,-8,-81,0,-40,35,-9,29,33,37,32,30,10,21,0,36,0,128,-127,-117,-108,12,-77,0,0,554,557,550,547,589,571,624,625,647,632,609,527]} 1. e4 e5 2. Nf3 Nc6 3. Bc4 Bc5 4. c3 Nf6 5. d3 d6 6. Bb3 a6 7. h3 Ba7 8. Nbd2 h6 {C54: Giuoco Piano: 4 c3 Nf6, main lines with 5 d4 and 5 d3} 9. Qe2 (9. Nf1 Be6 10. Ng3 Qd7 11. Qe2 Bxb3 12. axb3 Ne7 13. O-O Ng6 14. Nf5 O-O 15. Nh2 Qe6 16. b4 Ne7 17. Ng3 Ng6 18. Nf5 Ne7 19. Ng3 Ng6 20. Nf5 Ne7 {½-½ (20) Chigaev,M (2604)-Kovalev,V (2687) Wijk aan Zee 2019}) 9... Be6 10. Nf1 Qd7 {The position is equal.} 11. Be3 Ne7 $146 ({Predecessor:} 11... Bxe3 12. Nxe3 O-O-O 13. Ba4 g5 14. d4 exd4 15. cxd4 Nxe4 {1-0 (24) Lie,E (2449)-Mihajlov,S (2245) Oslo 2014}) 12. Bxa7 Rxa7 13. Bc2 Ng6 {[#] White must now prevent ...Nf4.} 14. O-O-O (14. Ne3 $11) 14... b5 (14... Bxa2 $17 15. Ne3 Qc6) 15. d4 $11 {Hoping for d5.} Qe7 16. Ne3 {Strongly threatening dxe5.} O-O $1 17. g3 Re8 18. d5 (18. h4 $14) 18... Bd7 19. Nf5 Qf8 20. N3h4 (20. Nh2 $11 {keeps the balance.}) 20... Raa8 ({Black should play} 20... Nxh4 $17 21. Nxh4 a5) 21. Rhg1 Rad8 (21... Nxh4 $15 22. Nxh4 Qe7) 22. Qe3 c6 23. dxc6 Bxc6 24. f3 d5 25. Qb6 Re6 26. Kb1 Rb8 27. Qe3 b4 (27... a5 $11 {remains equal.}) 28. Rge1 $2 {[%mdl 8192]} (28. Bb3 $16 {[%cal Re4d5] is forced if you want to stay better.} Rd8 29. Rg2) 28... bxc3 $17 29. Qxc3 d4 (29... Nxh4 $17 30. Nxh4 d4) 30. Qd2 (30. Nxg6 $1 $11 {was the only way to keep the balance.} fxg6 31. Nxd4 exd4 32. Rxd4) 30... Bb5 ({Of course not} 30... Qa3 31. Bb3 $11) ({Better is} 30... Nxh4 $17 31. Nxh4 Ree8) 31. Bb3 {Nxg6 is the strong threat.} Reb6 $2 {[%mdl 8192]} (31... Nxh4 $11 {and Black stays safe.} 32. gxh4 Nh5) 32. Nxg6 $18 {White is clearly winning.} Qe8 33. Nge7+ Kh7 34. Nd5 Nxd5 35. exd5 a5 {[#]} 36. Nxd4 $1 a4 (36... exd4 37. Rxe8) 37. Bc2+ {Accuracy: White = 28%, Black = 34%.} 1-0

[Event "Galatasaray Blitz Chess Tournament"]
[Site "Istanbul"]
[Date "2019.03.24"]
[Round "6.1"]
[White "Gokerkan, Cem Kaan"]
[Black "Aghamaliyev, Cemil"]
[Result "0-1"]
[WhiteElo "2419"]
[BlackElo "2493"]
[Annotator "TA"]
[PlyCount "70"]
[EventDate "2019.03.24"]
[EventType "swiss"]
[EventCountry "TUR"]
[SourceTitle "playchess.com"]
[Source "ChessBase"]
[SourceQuality "1"]

{[%evp 21,70,4,16,0,0,0,0,0,0,0,0,0,0,-64,0,0,21,2,23,22,20,-13,-10,-34,-31,-40,-39,-23,-17,-49,-49,-49,-49,-49,-54,-88,-84,-83,-54,-161,-155,-161,-165,-274,-279,-317,-307,-793,-290,-29998,-29999]} 1. e4 e5 2. Nf3 Nc6 3. Bc4 Bc5 4. c3 Nf6 5. d3 d6 6. Nbd2 a6 7. Bb3 Ba7 8. Nf1 h6 {C54: Giuoco Piano: 4 c3 Nf6, main lines with 5 d4 and 5 d3} 9. Ng3 Be6 10. O-O O-O 11. Qe2 (11. Be3 Re8 12. Bxa7 Rxa7 13. Re1 d5 14. exd5 Bxd5 15. d4 Bxb3 16. Qxb3 exd4 17. Rxe8+ Qxe8 18. cxd4 {0-1 (53) Ponomariov,R (2694)-Fressinet,L (2662) Riadh 2017}) 11... Re8 {LiveBook: 3 Games} 12. Nh4 Bg4 13. Qe1 {[#]} d5 $146 ({Predecessor:} 13... Ne7 14. Be3 g5 15. Nhf5 Bxf5 16. exf5 Bxe3 17. fxe3 d5 18. h4 c6 19. hxg5 hxg5 {1-0 (62) Gokerkan,C (2275)-Petkov,V (2501) Izmir 2017}) 14. Nhf5 dxe4 15. dxe4 Bxf5 16. Nxf5 Qd3 17. Qd1 (17. Ng3 $1 $11) 17... Qxd1 ({Black should try} 17... Qxe4 $15 18. Bc2 Qd5) 18. Rxd1 $11 Rad8 19. Re1 Na5 20. Bc2 Nc4 21. b3 (21. Re2 {seems wilder.} Na5 22. b3 Rd7 23. Nh4 Red8 24. Nf3) 21... Nd6 22. Nxd6 Rxd6 23. h3 Red8 24. Kf1 Rc6 $36 {[%mdl 2048] Black has good play.} 25. Bb2 Rd2 26. Re2 Rxe2 $1 27. Kxe2 Bd4 $1 28. Kd3 Bxf2 29. Rf1 Ba7 30. b4 ({White should play} 30. g4 $15) 30... Rd6+ $19 31. Ke2 Nh5 $1 {[%cal Rh5g3]} 32. Rd1 {[#]} (32. Ke1 {was the only defense.}) 32... Nf4+ $1 33. Kf3 {[#]} Rf6 $1 34. Kg3 $2 (34. Bc1 Nxg2+ 35. Ke2) 34... Ne2+ $2 (34... Rg6+ 35. Kf3 Rxg2) 35. Kg4 $2 (35. Kh2 $19) 35... Rf4+ {Precision: White = 30%, Black = 63%.} 0-1